000 00311nam a2200133Ia 4500
008 190216s9999||||xx |||||||||||||| ||und||
100 _aL .r. Potty
245 0 _aAtext Book Of Business&Corparate Laws
250 _aI
260 _bYemunapublications
_c2000
300 _a354
650 _aCommerce
942 _cBK
999 _c8241
_d8241